000 00581nam a2200181 i 4500
001 78752
003 ES-MaACL
005 20230906173813.0
007 t|
008 041015s1961 xxu ||||1| eng d
100 1 _aHall, Allen S.
_961555
245 1 0 _aTheory and problems of machine designe /
_cby Allen S. Hall, Alfred R. Holowenko, Herman G. Laughlin.
260 _aNew York :
_bSchaum Publishing Co.,
_c[1961]
300 _a344 p. :
_bil. ;
_c28 cm.
700 1 _aHolowenko, Alfred R.
_964069
700 1 _aLaughlin, Herman G.
_970595
852 _aES-MaACL
_jC-35662
_bR.69104
999 _c78752
_d78752